000 00613nam a2200241 i 4500
001 C2-0075623
003 PPAK
005 20180727081705.0
008 970429s1990 nyu |||| ||||| | eng d
020 _a0139617159
040 _aPPAK
_beng
_cPPAK
_erda
082 0 4 _a808.86
_223
090 0 0 _a808.86
_bLAN
_dG
100 1 _aLang, H. Jack,
_eauthor
245 1 0 _aDear wit
264 1 _aNew York :
_bPrentice Hall ,
_c1990
300 _avi, 266 pages ;
_c20 cm
336 _2rdacontent
_atext
337 _2rdamedia
_aunmediated
338 _2rdacarrier
_avolume
650 1 0 _aWit and Humor
942 _ddc
_cB
999 _c11364
_d11364